| 000 | 01291cam a2200301 4500 | ||
|---|---|---|---|
| 008 | 090401t1993 xxu||||| |||| 00| 0 eng d | ||
| 020 | _a8798248154 | ||
| 035 | _a(Sirsi) u4927 | ||
| 041 | _aeng | ||
| 050 | _a333.007 | ||
| 110 | _aFederation International Des Geometres | ||
| 245 | _aProceeding of the FIG Commission 2 workshop: Facing the Educational Challenges of the Future, Aalborg University, Denmark, 2-4 June 1993. | ||
| 260 |
_aFrederiksberg _bDanish Association of Chartered Surveyor _c1993 |
||
| 300 | _a243p. ; 21cm. | ||
| 350 | _a0 | ||
| 520 | _aPapers include: - CPD: developing concepts of lifelong learning/ KENNIE, T. - Accredited continuing professional development in surveying: distance learning teaching at masters degree level/ GREENHALGH, B.D. - Quality assurance in education/ DALE, P. - Problems associated with introducing TQM into built environment education/ MORGAN, P.H. | ||
| 650 | _aCOMPUTER ASSISTED LEARNING | ||
| 650 | _aCONTINUING PROFESSIONAL DEVELOPMENT | ||
| 650 | _aCAREERS, EDUCATION AND TRAINING | ||
| 650 | _aMUTUAL RECOGNITION | ||
| 650 | _aQUALIFICATIONS | ||
| 650 | _aQUALITY ASSURANCE | ||
| 650 | _aSURVEYING | ||
| 690 | _aPROFESSIONAL PRACTICE | ||
| 700 |
_aEnemark, Stig _xEditor |
||
| 942 | _n0 | ||
| 948 | _c04/03/1997 | ||
| 999 |
_c86089 _d86089 |
||